000
00229nam a2200097Ia 4500
008
240331s9999 xx 000 0 und d
082
_b
DEV
100
_a
IRED. ed
245
0
_a
Development NGOs of Sri lanka :
_b
directory
942
_c
L
999
_c
3260
_d
3260